[Event "Vaujany 2022 Accession"]
[Site "Vaujany"]
[Date "2022.07.15"]
[Round "2.2"]
[White "De Muyser, Xavier"]
[Black "Frelau, Matthias"]
[Result "0-1"]
[WhiteElo "1593"]
[BlackElo "1786"]
[Annotator "Jean-Pierre,Lees"]
[PlyCount "110"]
[EventDate "2022.07.14"]
[EventType "swiss"]
[EventCountry "FRA"]
[SourceVersionDate "2022.07.17"]
[TimeControl "240+2"]

{1024MB, Fritz8.ctg} 1. c4 Nf6 2. g3 g6 3. Bg2 c5 4. Nc3 Bg7 5. Nf3 O-O 6. d4
cxd4 7. Nxd4 d6 8. O-O a6 9. h3 Qc7 10. Nd5 Nxd5 11. cxd5 Qb6 12. Nb3 Nd7 13.
Be3 Qb4 14. Bd4 Ne5 15. f4 Nc4 16. Bxg7 Kxg7 17. Qd4+ Kg8 18. Rfc1 b5 19. Rc2
a5 20. Nd2 Nxd2 21. Qxb4 axb4 22. Rxd2 Bd7 23. b3 Rfc8 24. Kf2 Rc3 25. Rad1 Kf8
26. Be4 h5 27. h4 Bf5 28. Bxf5 gxf5 29. Rd4 Rxa2 30. Rxb4 Rcc2 31. Rxb5 Rxe2+
32. Kf3 Rf2+ 33. Ke3 Rg2 34. Rb8+ Kg7 35. Kf3 Raf2+ 36. Ke3 Re2+ 37. Kd3 Ra2
38. Re1 Kf6 39. Re3 Rac2 40. Kd4 Rc5 41. b4 Rd2+ 42. Rd3 Rxd5+ 43. Kxd5 Rxd3+
44. Kc6 Rxg3 45. Rh8 Rc3+ 46. Kb6 Rc4 47. b5 Rxf4 48. Rxh5 Rb4 49. Ka5 Rb2 50.
b6 f4 51. Rg5 e5 52. Ka6 f3 53. Rg3 e4 54. Rg4 f2 55. Rf4+ Kg6 0-1

[Event "Vaujany 2022 Accession"]
[Site "Vaujany"]
[Date "2022.07.15"]
[Round "2.4"]
[White "Azou, Jorre"]
[Black "Weisz, Jacques"]
[Result "1/2-1/2"]
[WhiteElo "1552"]
[BlackElo "1722"]
[Annotator "Jean-Pierre,Lees"]
[PlyCount "82"]
[EventDate "2022.07.14"]
[EventType "swiss"]
[EventCountry "FRA"]
[SourceVersionDate "2022.07.17"]
[TimeControl "240+2"]

{1024MB, Fritz8.ctg} 1. e4 e6 2. d4 d5 3. exd5 exd5 4. Bd3 Nc6 5. c3 Bd6 6. Ne2
h6 7. O-O Nf6 8. Bf4 O-O 9. Nd2 Re8 10. Bxd6 Qxd6 11. Ng3 Bd7 12. Nf3 Re7 13.
Qc2 Rae8 14. Nf5 Bxf5 15. Bxf5 Qf4 16. Bd3 Ne4 17. Qc1 Qxc1 18. Raxc1 Nd6 19.
Rfd1 b5 20. b4 a5 21. a3 a4 22. Nd2 g6 23. Kf1 Kg7 24. Re1 Rxe1+ 25. Rxe1 Rxe1+
26. Kxe1 Nd8 27. Nf3 Ne6 28. g3 f6 29. Nh4 Nf8 30. f4 c6 31. c4 Nxc4 32. Bxc4
dxc4 33. f5 g5 34. Ng2 Nd7 35. Ne3 Nb6 36. Kf2 Kf7 37. h4 Ke7 38. hxg5 hxg5 39.
Kf3 Kd6 (39... Nd5 40. Nxd5+ cxd5 41. g4 $11) 40. Ke4 Nd5 41. Nxd5 cxd5+
1/2-1/2

[Event "Vaujany 2022 Accession"]
[Site "Vaujany"]
[Date "2022.07.15"]
[Round "2.5"]
[White "Brion Lacherest, Nathan"]
[Black "Estin Carbonnel, Lucie"]
[Result "1-0"]
[WhiteElo "1711"]
[BlackElo "1533"]
[Annotator "Jean-Pierre,Lees"]
[PlyCount "115"]
[EventDate "2022.07.14"]
[EventType "swiss"]
[EventCountry "FRA"]
[SourceVersionDate "2022.07.17"]
[TimeControl "240+2"]

{1024MB, Fritz8.ctg} 1. e4 d5 2. exd5 Nf6 3. Bb5+ (3. d4 Nxd5 4. Nf3 g6 5. c4
Nb6 6. Nc3 Bg7) 3... Bd7 4. Be2 Bf5 (4... Nxd5 5. d4 Bf5 6. Nf3 e6 7. O-O Be7)
5. Nf3 Nxd5 6. O-O e6 7. d4 Nc6 8. Bg5 Be7 9. Bxe7 Qxe7 10. Bd3 Bg4 11. c3 Nf4
12. Be4 f5 13. Bxc6+ bxc6 14. Nbd2 Qf6 15. Qa4 O-O 16. Kh1 Qg6 17. Ne5 Qg5 18.
Nxg4 fxg4 19. Qxc6 Rab8 20. Ne4 Qd5 21. Qxd5 exd5 22. Nc5 Rxb2 23. Nd7 Rf5 (
23... Re8 24. Ne5 Ne2 25. Nxg4 Nxc3) 24. Ne5 h5 25. f3 Nxg2 26. fxg4 Rxf1+ 27.
Rxf1 Ne3 28. Re1 Nxg4 29. Nxg4 hxg4 30. Re5 Rxa2 (30... c6 31. Re6 Rxa2 32.
Rxc6 Rc2 33. Rc7) 31. Rxd5 Ra6 32. Rc5 c6 33. Kg2 Rb6 34. Kg3 Kf7 35. Kxg4 Ke7
36. c4 Kd6 37. Rg5 Rb4 38. Rg6+ Kc7 39. Rxg7+ Kb6 40. c5+ Kb5 41. Rxa7 Rxd4+
42. Kg5 Kxc5 43. h4 Rd5+ 44. Kg6 Rd6+ 45. Kg7 Kb6 46. Rf7 c5 47. h5 c4 48. h6
Rd1 49. Rf6+ Kb5 50. h7 Rg1+ 51. Rg6 Rh1 52. Rh6 Rg1+ 53. Kf8 Rf1+ 54. Ke8 Re1+
55. Kd8 Rd1+ 56. Kc8 c3 57. h8=Q c2 58. Qb2+ 1-0

[Event "Vaujany 2022 Accession"]
[Site "Vaujany"]
[Date "2022.07.15"]
[Round "2.6"]
[White "Poizat, Gaspard"]
[Black "Laposte, Nicolas"]
[Result "0-1"]
[WhiteElo "1546"]
[BlackElo "1705"]
[Annotator "Jean-Pierre,Lees"]
[PlyCount "122"]
[EventDate "2022.07.14"]
[EventType "swiss"]
[EventCountry "FRA"]
[SourceVersionDate "2022.07.17"]
[TimeControl "240+2"]

{1024MB, Fritz8.ctg} 1. d4 d5 2. Bf4 Nf6 3. e3 c5 4. c3 Nc6 5. Nd2 Bf5 6. Ngf3
Qb6 7. Qb3 c4 8. Qxb6 axb6 9. Be2 b5 10. Ne5 b4 11. Nxc6 bxc3 12. bxc3 bxc6 13.
f3 e6 14. e4 Bg6 15. a4 Be7 16. O-O Kd7 17. h3 Ra7 18. Ra2 Rha8 19. Rfa1 Ne8
20. a5 Bd8 21. a6 Bc7 22. Bxc7 Nxc7 23. Kf2 Nb5 24. Nxc4 dxc4 25. Bxc4 Nxc3 26.
Rb2 Nb5 27. d5 exd5 28. exd5 Nd6 29. dxc6+ Kxc6 30. Be2 Bf5 31. f4 Kd7 32. Rd2
Ke7 33. Kg1 Be6 34. Rb1 Rd8 35. Rbd1 Rdd7 36. Rc1 Rdc7 37. Re1 g6 38. g4 Rc3
39. Kg2 Re3 40. Red1 Ne4 41. Rb2 Bc8 42. Ra1 Nc5 43. Rc1 Bxa6 44. Bxa6 Nxa6 45.
Ra2 Re6 46. Rca1 Kd7 47. Kg3 Kc7 48. Kh4 h6 49. f5 Rb6 50. Re1 Kd8 51. Rae2 Rd7
52. Re8+ Kc7 53. R1e7 Nc5 54. Rxd7+ Kxd7 55. Rh8 Ne4 56. fxg6 Rxg6 57. Kh5 Ke7
58. Ra8 Kf6 59. Ra6+ Kg7 60. Ra3 Rc6 61. Rb3 Rc3 0-1

[Event "Vaujany 2022 Accession"]
[Site "Vaujany"]
[Date "2022.07.15"]
[Round "2.3"]
[White "Lenen, Pierre"]
[Black "Feger, Rodolphe"]
[Result "1/2-1/2"]
[WhiteElo "1723"]
[BlackElo "1567"]
[Annotator "Jean-Pierre,Lees"]
[PlyCount "191"]
[EventDate "2022.07.14"]
[EventType "swiss"]
[EventCountry "FRA"]
[SourceVersionDate "2022.07.17"]
[TimeControl "240+2"]

{1024MB, Fritz8.ctg} {Parti jouée à la table fixe 50 (joueur malvoyant)} 1. d4
Nf6 2. c4 g6 3. Nc3 Bg7 4. e4 d6 5. Nf3 O-O 6. Be2 e5 7. d5 a5 8. Be3 Na6 9.
Nd2 b6 (9... Bd7) (9... Nc5) 10. O-O Nc5 11. a3 a4 12. Bxc5 bxc5 13. Nxa4 {
on voit ici l'intérêt du coup 9..Fd7 à la place de b6} Bh6 14. Nc3 Bd7 15. Nf3
Qe7 16. b4 c6 17. b5 cxb5 18. cxb5 Rfb8 19. a4 Qd8 20. Qc2 Bg4 21. h3 Bxf3 22.
Bxf3 Qa5 23. Rfb1 Nd7 24. Kh2 Qd8 25. Ne2 Ra5 26. Ra3 Nb6 27. Rba1 Rba8 28. g3
Qg5 29. R1a2 Qd2 30. Qxd2 Bxd2 31. Rxd2 Nc4 32. Raa2 Nxd2 33. Rxd2 Rxa4 34. Bg4
Rxe4 35. Bd7 Rb4 36. Bc6 Ra3 37. Kg2 f5 38. Nc1 Kg7 39. Na2 Rb1 40. Rc2 Kf6 41.
Nc3 Rbb3 42. b6 Rxc3 43. b7 Rcb3 44. Rc3 e4 45. b8=Q Rxb8 46. Rxa3 Ke5 47. Kf1
Kd4 48. Ke2 Rb2+ 49. Ke1 c4 50. h4 c3 51. Ra4+ Kd3 52. Ra1 e3 53. fxe3 Rh2 54.
Bb5+ Kxe3 55. Ra3 Rh1+ 56. Bf1 Rxf1+ 57. Kxf1 Kd2 58. Ra2+ c2 59. Kf2 Kd1 60.
Ra1+ c1=Q 61. Rxc1+ Kxc1 $19 62. Kf3 Kd2 63. Kf4 Kd3 64. Kg5 Ke4 65. Kh6 Kf3 (
65... f4 66. gxf4 Kxf4 67. Kxh7 g5 68. hxg5 Kxg5) 66. Kxh7 Kxg3 67. Kxg6 f4 68.
h5 f3 69. h6 f2 70. h7 f1=Q 71. h8=Q Qd3+ 72. Kg5 Qxd5+ {[%emt 0:00:00]} 73.
Kg6 Qe4+ 74. Kf7 d5 {[%emt 0:00:00]} (74... Qf5+ $142 {gagnait dans tout les
cas de figure} 75. Ke7 (75. Kg8 Qc8+ 76. Kg7 Qxh8+) (75. Kg7 Qe5+ 76. Kg8 Qxh8+
) (75. Ke8 Qe5+) 75... Qe5+ 76. Qxe5+ dxe5 {et gagne}) 75. Qg7+ {[%emt 0:00:10]
} Kf3 76. Qc3+ Qe3 77. Qc6 Qf4+ 78. Ke6 Qe4+ 79. Kd7 d4 80. Qf6+ Qf4 81. Qc6+
Ke3 82. Qc1+ Ke4 83. Qc6+ Kd3 84. Qb5+ Kd2 85. Qb2+ Ke1 86. Qb1+ Kf2 87. Qc2+
Kg3 88. Qd3+ Qe3 89. Qg6+ Kf2 90. Qf5+ Ke2 91. Qc2+ Qd2 92. Qe4+ Kd1 93. Qb1+
Ke2 94. Qe4+ Qe3 95. Qc2+ Qd2 96. Qe4+ 1/2-1/2

[Event "Vaujany 2022 Accession"]
[Site "Vaujany"]
[Date "2022.07.15"]
[Round "2.7"]
[White "Spinosi, Aurélien"]
[Black "Chofardet, Pierre"]
[Result "1-0"]
[WhiteElo "1705"]
[BlackElo "1524"]
[Annotator "promoechecs"]
[PlyCount "63"]
[EventDate "2022.07.14"]
[EventType "swiss"]
[EventCountry "FRA"]
[SourceVersionDate "2022.07.17"]

1. e4 e6 2. d4 d5 3. Nd2 Nc6 4. c3 (4. Ngf3 Nf6 5. e5 Nd7 6. Nb3) 4... e5 5.
dxe5 Nxe5 6. Ngf3 Nxf3+ 7. Nxf3 Be6 8. exd5 Qxd5 9. Qxd5 Bxd5 10. Be2 Nf6 11.
O-O Bd6 12. Nd4 O-O-O 13. Be3 h5 14. Nb5 a6 15. Nxd6+ Rxd6 16. Bf4 Re6 17. Bd3
Nd7 18. Rfd1 Bc6 19. Rd2 h4 20. h3 Kb8 21. Bf5 Re7 22. Rad1 Nf6 23. Be3 Nd5 24.
Rxd5 Bxd5 25. Rxd5 g6 26. Bc2 Rhe8 27. Rd4 Rh8 28. Kf1 Kc8 29. Bb3 f6 30. Rf4
f5 31. Rd4 Ree8 32. Bf7 1-0

[Event "Vaujany 2022 Accession"]
[Site "Vaujany"]
[Date "2022.07.15"]
[Round "2.8"]
[White "Brochard, Patrice"]
[Black "Martin, Alix"]
[Result "1/2-1/2"]
[WhiteElo "1529"]
[BlackElo "1695"]
[Annotator "promoechecs"]
[PlyCount "125"]
[EventDate "2022.07.14"]
[EventType "swiss"]
[EventCountry "FRA"]
[SourceVersionDate "2022.07.17"]

{[%evp 0,112,19,18,20,-12,40,4,-6,-15,-13,-68,-43,-77,-65,-77,-28,-27,-33,-45,
-2,-1,0,-12,-6,6,3,5,5,5,4,4,7,-13,-13,-4,45,54,84,71,99,101,94,100,104,104,
101,92,84,78,71,85,94,88,98,99,110,113,105,106,116,116,119,112,115,86,85,73,
104,79,125,93,91,118,143,134,132,121,114,122,122,116,138,139,143,112,111,104,
124,94,151,139,139,139,139,132,162,162,158,158,158,157,158,159,161,119,127,102,
112,2,0,0,4,4,5]} 1. Nf3 Nf6 2. c4 c6 3. b3 d5 4. Bb2 Bf5 5. g3 e6 6. Na3 Nbd7
7. Nc2 Bd6 8. Bg2 O-O 9. O-O Qb6 10. d3 h6 11. Qc1 Rfe8 12. Ne3 Bh7 13. d4 c5
14. Rd1 Rac8 15. Ne5 cxd4 16. Nxd7 Nxd7 17. Bxd4 Bc5 18. Qb2 Bxd4 19. Qxd4 Qxd4
20. Rxd4 Nf6 21. cxd5 exd5 22. Nxd5 Rxe2 23. Nxf6+ gxf6 24. Bxb7 Rcc2 25. Rf4
Rxa2 26. Rxa2 Rxa2 27. Rxf6 Ra1+ 28. Kg2 Kg7 29. Rf4 Bg6 30. Bd5 Rd1 31. Bc4 a5
32. g4 Rd7 33. Kf3 Ra7 34. Bd5 Bc2 35. Ke3 Rd7 36. Rd4 a4 37. bxa4 Bxa4 38.
Rxa4 Rxd5 39. f4 Rd1 40. Ra2 Rg1 41. Kf3 Rf1+ 42. Rf2 Ra1 43. Kg3 Kg6 44. f5+
Kg7 45. Kh4 Ra3 46. Rg2 Rb3 47. Rg3 Rb2 48. h3 Ra2 49. Kh5 Ra6 50. Rf3 Rf6 51.
h4 Kh7 52. g5 hxg5 53. hxg5 Ra6 54. g6+ fxg6+ 55. fxg6+ Kg8 (55... Rxg6 56.
Rf7+ Rg7 $11 {[%eval 0,33]}) (55... Kg7 56. Rf7+ Kg8 $11 {[%eval 2,31]}) 56.
Kh6 Ra1 57. Kg5 Ra5+ 58. Rf5 Rxf5+ 59. Kxf5 Kg7 60. Kg5 Kg8 61. Kf6 Kf8 62. g7+
Kg8 63. Kg6 1/2-1/2

[Event "Vaujany 2022 Accession"]
[Site "Vaujany"]
[Date "2022.07.15"]
[Round "2.9"]
[White "Cayrou, Fabien"]
[Black "Oumer, Walid"]
[Result "1-0"]
[WhiteElo "1693"]
[BlackElo "1492"]
[Annotator "promoechecs"]
[PlyCount "83"]
[EventDate "2022.07.14"]
[EventType "swiss"]
[EventCountry "FRA"]
[SourceVersionDate "2022.07.17"]

{[%evp 0,23,34,28,28,-9,35,20,20,13,13,20,7,7,12,16,47,27,31,34,31,26,36,50,57,
25]} 1. d4 Nf6 2. c4 g6 3. f3 Bg7 4. e4 d6 5. Nc3 O-O 6. Nge2 e5 7. Bg5 (7. Be3
c6 8. Qd2 Nbd7 9. O-O-O a6 10. Kb1 b5 11. Nc1) 7... Qe8 {Une variante rare.
Les coups les plus fréquents sont 7... c7-c6, 7...h7-h6 ou 7... exd4} 8. Qd2
exd4 {avec ce coup on sort de la base. On a joué ici c7-c6, a5 ou Cc6} 9. Nxd4
a6 10. Be2 Nc6 11. Nxc6 bxc6 12. O-O (12. h4 Nh5 13. g4 Ng3 14. Rg1 Nxe2 15.
Nxe2 Rb8 16. Nc3 f5 17. gxf5 Rxf5 18. Qe3 Rc5 19. b3 Qe5 20. Rc1 Qh2 21. Ne2
Ra5 22. Rc2 c5 23. Qd2 Ra3 24. Qd5+ Kh8 25. Bc1 Qxh4+ 26. Kd1 Ra5 27. Qd2 Rxa2
28. Rxa2 Rxb3 29. Bb2 Rxf3 30. Bxg7+ Kxg7 31. Qb2+ Kf7 32. Ra3 Rxa3 33. Qxa3
Qxe4 34. Rf1+ Bf5 35. Qc3 Kg8 36. Ke1 c6 37. Rf4 Qb1+ 38. Kf2 Qh1 39. Kg3 Kf7
40. Rh4 Qb1 41. Rxh7+ Kg8 42. Qg7# {1-0 (42) Candila Rodriguez,F-Salomon,L
Merida 1994}) 12... Be6 13. Rad1 d5 14. cxd5 cxd5 15. e5 Nd7 16. Nxd5 Bxd5 17.
Qxd5 Qxe5 18. Qxe5 Nxe5 19. f4 f6 20. fxe5 fxg5 21. Bc4+ Kh8 22. e6 Rxf1+ 23.
Rxf1 Bd4+ 24. Kh1 Bxb2 25. Bxa6 Ba3 (25... Rxa6 26. e7 Re6 27. Rf8+ Kg7 28.
e8=Q Rxe8 29. Rxe8) 26. Bb5 Ra5 27. Bd7 Bd6 (27... Re5 28. g3 g4 29. Rf7 Kg8
30. Kg2 h5 31. Kf1 $11) 28. a4 Re5 29. g3 Re2 (29... Bb4 30. Rf7 Kg8 31. Rf2
Kg7 32. Kg2) 30. a5 Ra2 31. Re1 Be7 32. Rf1 Rxa5 $2 (32... Bd6 33. Rf7 g4 (
33... Re2 34. a6) 34. e7 Ra1+ 35. Kg2 Ra2+ 36. Kf1 Ra1+ 37. Ke2 Bxe7 38. Rxe7
Rxa5 39. Bxg4 Ra2+ 40. Ke3 Rxh2 41. Rxc7) (32... Bc5 33. Rf7 g4) 33. Rf7 Ra1+
34. Kg2 Ra2+ 35. Kh3 Bd6 36. e7 Bxe7 37. Rxe7 h5 38. Be8 g4+ 39. Kh4 Rxh2+ 40.
Kg5 h4 41. Kxg6 Kg8 42. Bf7+ 1-0

[Event "Vaujany 2022 Accession"]
[Site "Vaujany"]
[Date "2022.07.15"]
[Round "2.10"]
[White "Rodriguez, Jean Pierre"]
[Black "Godart, Michel"]
[Result "0-1"]
[WhiteElo "1464"]
[BlackElo "1680"]
[Annotator "promoechecs"]
[PlyCount "92"]
[EventDate "2022.07.14"]
[EventType "swiss"]
[EventCountry "FRA"]
[SourceVersionDate "2022.07.17"]

1. c4 b6 2. Nc3 Bb7 3. e4 e6 4. d4 Ne7 5. Nf3 g6 6. Be2 Bg7 7. Be3 d6 8. Qd2 h6
9. O-O Nd7 10. h3 a6 11. Nh2 e5 12. Rad1 f5 13. exf5 Nxf5 14. dxe5 Nxe5 15. Nd5
Nxe3 16. Qxe3 O-O 17. Kh1 Bxd5 18. Rxd5 (18. cxd5) 18... Qe7 19. Ng4 Nc6 20.
Bf3 Qxe3 21. Nxe3 Ne5 22. Be4 Rae8 23. Bc2 Kh7 24. b3 Nc6 25. Rd2 Rxe3 26. Rfd1
Re6 27. f3 Rfe8 28. Be4 Ne7 29. g4 Ng8 30. h4 Kh8 31. Rd3 g5 32. hxg5 hxg5 33.
Rd5 Re5 34. R5d2 Nf6 35. Rh2+ Kg8 36. Bc6 Re1+ 37. Rxe1 Rxe1+ 38. Kg2 Re2+ 39.
Kh1 Rxh2+ 40. Kxh2 Kf7 41. b4 Ke6 42. a4 Nd7 43. Bb7 a5 44. bxa5 bxa5 45. Bc8
Ke7 46. Bb7 Nc5 0-1

[Event "Vaujany 2022 Accession"]
[Site "Vaujany"]
[Date "2022.07.16"]
[Round "3.1"]
[White "Godart, Michel"]
[Black "Deneyer, Frank"]
[Result "1/2-1/2"]
[WhiteElo "1680"]
[BlackElo "1828"]
[Annotator "promoechecs"]
[PlyCount "81"]
[EventDate "2022.07.14"]
[EventType "swiss"]
[EventCountry "FRA"]
[SourceVersionDate "2022.07.17"]

1. c4 Nf6 2. Nc3 g6 3. g3 Bg7 4. Bg2 c5 5. e4 Nc6 6. Nge2 d6 7. d3 O-O 8. O-O
Bd7 9. h3 h5 10. Be3 Rb8 11. Qd2 a6 12. Bh6 b5 13. Bxg7 Kxg7 14. Nd5 e6 15. Ne3
Nd4 16. f4 e5 17. Rf2 Ne8 18. Raf1 f6 19. fxe5 dxe5 20. g4 hxg4 21. Nxg4 Bxg4
22. hxg4 bxc4 23. Nxd4 Qxd4 24. dxc4 Nc7 25. Qxd4 cxd4 26. Rc1 Ne6 27. c5 Nf4
28. Bf1 a5 29. c6 Rf7 30. c7 Rc8 31. Rfc2 d3 32. Rd2 Rfxc7 33. Rxc7+ Rxc7 34.
Kf2 f5 35. gxf5 gxf5 36. exf5 Kf6 37. Ke3 Kxf5 38. Bxd3+ Nxd3 39. Kxd3 a4 40.
Rf2+ Ke6 41. Ke4 1/2-1/2

[Event "Vaujany 2022 Accession"]
[Site "Vaujany"]
[Date "2022.07.16"]
[Round "3.2"]
[White "Frelau, Matthias"]
[Black "Spinosi, Aurelien"]
[Result "1-0"]
[WhiteElo "1786"]
[BlackElo "1705"]
[PlyCount "77"]
[EventDate "2022.07.14"]
[EventType "swiss"]
[EventCountry "FRA"]
[SourceVersionDate "2022.07.17"]

1. d4 d5 2. Bf4 Nf6 3. Nf3 e6 4. e3 a6 5. a4 Nbd7 6. Bd3 Be7 7. c3 c5 8. Nbd2
b6 9. Ne5 Bb7 10. Qf3 Nxe5 11. dxe5 Nd7 12. Qg4 g6 13. h4 c4 14. Bc2 h5 15. Qg3
Nc5 16. Nf3 Qd7 17. Nd4 O-O-O 18. Bg5 Rdf8 19. Ke2 Qd8 20. Rhd1 f6 21. exf6
Bxf6 22. Qh3 Qe8 23. a5 b5 24. Bf4 Bxd4 25. Rxd4 Qf7 26. Qg3 Rfg8 27. Be5 Rh7
28. Rf4 Qe8 29. Rf6 Ne4 30. Bxe4 dxe4 31. Rd1 Rf7 32. Rd6 Rxf6 33. Bxf6 Qf7 34.
Qe5 Re8 35. Bg5 Qc7 36. Bf4 Bd5 37. Rxd5 Qxe5 38. Rxe5 Kd7 39. Rxe4 1-0

[Event "Vaujany 2022 Accession"]
[Site "Vaujany"]
[Date "2022.07.16"]
[Round "4.3"]
[White "Findeling Creus, Paul"]
[Black "Brion Lacherest, Nathan"]
[Result "1/2-1/2"]
[WhiteElo "1639"]
[BlackElo "1711"]
[PlyCount "72"]
[EventDate "2022.07.14"]
[EventType "swiss"]
[EventCountry "FRA"]
[SourceVersionDate "2022.07.17"]

1. e4 e5 2. Nf3 Nc6 3. Bb5 a6 4. Ba4 Nf6 5. O-O Be7 6. Re1 O-O 7. Bxc6 dxc6 8.
Nxe5 Re8 9. Nf3 Bg4 10. h3 Bh5 11. d3 Qd7 12. Nbd2 b5 13. Nf1 Bb4 14. Bd2 Bxd2
15. N1xd2 c5 16. Nf1 Qc6 17. Ng3 Bg6 18. Nh4 c4 19. Nxg6 hxg6 20. Qe2 cxd3 21.
cxd3 Rad8 22. Rad1 Qb6 23. Qe3 c5 24. b4 Rc8 25. Rc1 Nd5 26. bxc5 Qa5 27. Qe2
Nf4 28. Qc2 Red8 29. Re3 Ne6 30. Qc3 Qxa2 31. Ra1 b4 32. Rxa2 bxc3 33. d4 Rxd4
34. Rxc3 Rxc5 35. Rxc5 Nxc5 36. Ra5 Nxe4 1/2-1/2

[Event "Vaujany 2022 Accession"]
[Site "Vaujany"]
[Date "2022.07.16"]
[Round "3.4"]
[White "Laposte, Nicolas"]
[Black "Cayrou, Fabien"]
[Result "1-0"]
[WhiteElo "1709"]
[BlackElo "1693"]
[Annotator "promoechecs"]
[PlyCount "49"]
[EventDate "2022.07.14"]
[EventType "swiss"]
[EventCountry "FRA"]
[SourceVersionDate "2022.07.17"]

{[%evp 0,49,16,28,25,18,24,5,11,-14,-18,-13,-16,0,28,-20,-5,-33,-13,-13,3,8,2,
-25,-22,-20,-9,2,17,14,33,50,37,35,22,14,12,5,5,38,38,-23,-10,-127,-127,-357,
-328,-375,-307,-307,29999,-30000]} 1. e4 e5 2. Nf3 Nc6 3. Bb5 a6 4. Ba4 Nf6 5.
O-O b5 6. Bb3 d6 7. Re1 Be7 8. c3 O-O 9. h3 Nb8 10. d4 Nbd7 11. Nbd2 Bb7 12.
Bc2 c5 13. Nf1 Re8 14. Ng3 Bf8 15. d5 g6 16. Be3 Bg7 17. Qc1 c4 18. Bh6 Nc5 19.
Bxg7 Kxg7 20. Nh4 Ng8 21. Nhf5+ gxf5 22. Nh5+ Kh8 23. exf5 Nf6 24. Qh6 Ncd7 $4
(24... Nxh5 $8 25. Qxh5 Qf6 $19 {[%eval -313,18]} 26. Rad1 $19 {[%eval -315,19]
}) 25. Qg7# 1-0

[Event "Vaujany 2022 Accession"]
[Site "Vaujany"]
[Date "2022.07.16"]
[Round "3.5"]
[White "Gibaud, Elian"]
[Black "Nicot, Valentin"]
[Result "1-0"]
[WhiteElo "1752"]
[BlackElo "1631"]
[Annotator "promoechecs"]
[PlyCount "81"]
[EventDate "2022.07.14"]
[EventType "swiss"]
[EventCountry "FRA"]
[SourceVersionDate "2022.07.17"]

1. d4 d5 2. Bf4 c5 3. e3 cxd4 4. exd4 Nc6 5. c3 Bf5 6. Qb3 Qd7 7. Nf3 e6 8. Bb5
f6 9. O-O g5 10. Be3 h5 11. Re1 h4 12. c4 Kf7 13. Bxg5 Qd6 (13... fxg5 14. Ne5+
$8 Nxe5 15. Bxd7 $18 {[%eval 365,17]}) 14. c5 Qc7 15. Be3 a6 16. Bd3 Bg4 17.
Nbd2 Nge7 18. Be2 Nf5 19. Ng5+ fxg5 20. Bxg4 Nfxd4 21. Qd3 Bxc5 22. Rac1 Qd6
23. Bxd4 Nxd4 24. Nf3 Qb6 25. Nxd4 Bxd4 26. Rxe6 Bxf2+ 27. Kh1 Qxe6 28. Bxe6+
Kxe6 29. Qe2+ Kd6 30. Qxf2 Rhf8 31. Qc5+ Ke6 32. Re1+ Kf6 33. Qd6+ Kg7 34. Qxd5
Rad8 35. Qxg5+ Kh8 36. h3 Rc8 37. Qh6+ Kg8 38. Qg6+ Kh8 39. Re7 Rf7 40. Rxf7
Rg8 41. Qh6# 1-0

[Event "Vaujany 2022 Accession"]
[Site "Vaujany"]
[Date "2022.07.16"]
[Round "3.6"]
[White "Feger, Rodolphe"]
[Black "Pitaval, Lubin"]
[Result "1/2-1/2"]
[WhiteElo "1567"]
[BlackElo "1781"]
[Annotator "Jean-Pierre,Lees"]
[PlyCount "108"]
[EventDate "2022.07.14"]
[EventType "swiss"]
[EventCountry "FRA"]
[SourceVersionDate "2022.07.17"]
[TimeControl "240+2"]

{1024MB, Fritz8.ctg} 1. e4 c5 2. Nf3 Nc6 3. d3 g6 4. g3 Bg7 5. Bg2 Nf6 6. O-O
O-O 7. c3 e6 8. Re1 d5 9. e5 Nd7 10. Bf4 Rb8 11. c4 dxc4 12. dxc4 h6 13. h4 Qb6
14. Qc1 Rd8 15. Nc3 a6 16. Bxh6 Ndxe5 17. Nxe5 Nxe5 18. Bxg7 Ng4 19. Be5 Nxe5
20. Rxe5 Qc7 21. Re1 b5 22. Qh6 bxc4 23. Ne4 Qe7 24. Ng5 f6 25. Qxg6+ Qg7 26.
Qxg7+ Kxg7 27. Nxe6+ Bxe6 28. Rxe6 Rxb2 29. Rc6 c3 30. Rxc5 c2 31. Kh2 Rb1 32.
Rxc2 Rxa1 33. Rc7+ Kg8 34. Rc2 a5 35. Rc5 a4 (35... Rxa2 36. Bd5+ Rxd5 37. Rxd5
) 36. Ra5 Rd4 37. Bc6 Rd2 38. Bxa4 Rxf2+ 39. Kh3 Kg7 40. Bb3 Rf3 41. Ra4 Rc3
42. Rg4+ Kf8 43. Rg6 Ke7 44. Kg2 Rb1 45. h5 Rb2+ 46. Kh3 Rc5 47. Rg7+ Kd6 48.
Kg4 Rh2 49. Bf7 Rc7 50. Rh7 Rxa2 51. Bxa2 Rxh7 52. Bb1 Rg7+ 53. Kf4 Ke6 54.
Bf5+ Kd6 1/2-1/2

[Event "Vaujany 2022 Accession"]
[Site "Vaujany"]
[Date "2022.07.16"]
[Round "3.7"]
[White "Azou, Jorre"]
[Black "Roche, Yves"]
[Result "1/2-1/2"]
[WhiteElo "1552"]
[BlackElo "1729"]
[Annotator "Jean-Pierre,Lees"]
[PlyCount "134"]
[EventDate "2022.07.14"]
[EventType "swiss"]
[EventCountry "FRA"]
[SourceVersionDate "2022.07.17"]
[TimeControl "240+2"]

{1024MB, Fritz8.ctg} 1. e4 c5 2. Nf3 Nc6 3. d4 cxd4 4. Nxd4 e6 5. Be3 Nf6 6.
Nc3 a6 7. Nxc6 bxc6 8. e5 Ng8 9. Bc4 Qa5 10. f4 Bb4 11. O-O Bxc3 12. bxc3 Qxc3
13. Bd3 Ne7 14. Qg4 Nf5 15. Bf2 h5 16. Qg5 f6 17. Qg6+ Kf8 18. exf6 Qxf6 19.
Bxf5 Qxf5 20. Qg3 h4 21. Qa3+ Kf7 22. h3 Rb8 23. Qc3 Rb5 24. Bd4 Rg8 25. Be5 a5
26. Rad1 Rd5 27. Rxd5 cxd5 28. Qc7 a4 29. Rb1 Qe4 30. Rf1 Qc4 31. Qd6 Qc6 32.
Qxc6 dxc6 33. Rb1 Ba6 34. Rb6 Bb5 35. Rb7+ Kg6 36. Kf2 d4 37. Bxd4 Bc4 38. a3
c5 39. Bxc5 Bd5 40. Rb2 Kf5 41. Be7 Kxf4 42. Rb4+ Kf5 43. c4 Bc6 44. Bxh4 g5
45. Bg3 Rd8 46. Ke2 Ra8 47. Kf2 e5 48. Bh2 Rd8 49. Rb2 Rd3 50. g4+ Ke6 51. Re2
e4 52. Re3 Rd4 53. c5 Kd5 54. Ke2 Bb5+ 55. Ke1 Rc4 56. Bd6 Rc2 57. Kd1 Rg2 58.
Be7 Bd3 59. Bxg5 Kxc5 60. Bf6 Kd5 61. g5 Ke6 62. Re1 Rh2 63. Re3 Kf5 64. Be7
Kg6 65. Rg3 Bf1 66. Re3 Bg2 67. Ke1 Bf3 1/2-1/2

[Event "Vaujany 2022 Accession"]
[Site "Vaujany"]
[Date "2022.07.16"]
[Round "3.8"]
[White "Mercier, Pierre"]
[Black "Lenen, Pierre"]
[Result "1/2-1/2"]
[WhiteElo "1364"]
[BlackElo "1723"]
[Annotator "Jean-Pierre,Lees"]
[PlyCount "112"]
[EventDate "2022.07.14"]
[EventType "swiss"]
[EventCountry "FRA"]
[SourceVersionDate "2022.07.17"]
[TimeControl "240+2"]

{1024MB, Fritz8.ctg} {Table fixe N 50 (Pierre Lenen est un joueur malvoyant)} 
1. d4 Nf6 2. c4 e6 3. Nf3 Bb4+ 4. Bd2 Be7 (4... Qe7 5. g3 Nc6 6. Nc3) (4...
Bxd2+ 5. Qxd2 O-O) (4... c5 5. Bxb4 cxb4 6. g3) (4... a5 5. g3 b6 6. Bg2 Bb7 7.
O-O O-O) 5. Nc3 d5 6. Bg5 O-O 7. e3 c6 8. Bd3 dxc4 9. Bxc4 Nd5 10. Bxe7 Qxe7
11. O-O Nd7 12. Qd2 (12. Rc1 Nxc3 13. Rxc3 e5 14. Qc2 exd4 15. exd4 Nb6 16. Re1
) 12... Nxc3 13. bxc3 b6 14. Bd3 Bb7 15. Qc2 h6 16. e4 c5 17. Nd2 Rfc8 18. Qb1
cxd4 19. cxd4 Qd6 20. Qb2 Ne5 21. Be2 Rd8 22. Nb3 Ng6 23. f3 Nf4 24. Bc4 Rac8
25. Rac1 a5 26. Rfd1 a4 27. Na1 Rc7 28. Bf1 Rxc1 29. Qxc1 Rc8 30. Qd2 Qc7 31.
g3 Ng6 32. Bd3 h5 33. Nc2 h4 34. f4 hxg3 35. hxg3 Qc3 36. Qxc3 Rxc3 37. Kf2 Ne7
38. Rd2 g6 39. Ne3 Nc6 40. d5 exd5 41. Nxd5 Ra3 42. Nxb6 Nb4 43. Bb1 Ba6 44.
Nd5 Nd3+ 45. Bxd3 Bxd3 46. e5 Kf8 47. Nf6 Ke7 48. Nd5+ Ke6 49. Nb4 Be4 50. Rd6+
Ke7 51. Nc6+ Bxc6 52. Rxc6 Rxa2+ 53. Kf3 Ra1 54. Kg4 a3 55. Ra6 a2 56. Ra7+ Ke8
{nulle} 1/2-1/2